000
00295nam a22001337a 4500
008
181023b xxu||||| |||| 00| 0 eng d
020
_a
2740317247771
041
_a
eng
080
_2
9 ED
_a
610
100
_a
3
101
_a
SHM
245
_a
The Voice Therapy
_c
Boone.D.R
942
_2
udc
_c
BK
999
_c
50597
_d
50597